Quiz The Rookie 2 - Statistiques

Statistiques générales
  • Ce quiz a été pris 28 fois
  • Le résultat moyen est 6 sur 10
Statistiques - réponses
Question Réponse % Correct
Qui n'a jamais été en couple avec Lucy Chen ? Jackson West
92%
Laquelle de ces personnes ne fait pas partie de la famille de Tim Bradford ?
83%
Qui est Matthew Garza ?
75%
Quel est le nom du seul hôpital dans la série ? St. Stephen
71%
Quelle anecdote est fausse ? Alyssa Diaz (Angela Lopez) et Shawn Ashmore (Wesley Ever) sont mariés dans la vraie vie
67%
Sur laquelle de ces images Lucy Chen n'est pas sous couverture ?
63%
Lequel de ces objets n'est pas présents sur leur ceinturon ? Carnet de notes
63%
D’où vient John Nolan avant de rejoindre le LAPD ? Pennsylvanie
63%
Laquelle de ces personnes n'est jamais apparue dans la série ?
58%
Combien de recrues sur toutes les saisons sont passées dans la série ? 10
8%
Aucun quiz correspondant
Distribution des résultats
% des personnes avec chaque résultat
Percentile par nombre de réponses
Votre historique - résultats
Vous n’avez pas pris ce quiz